Statistics for Los Angeles Lakers Best Team By Decade

Click here to take the quiz!

General Stats

  • This quiz has been taken 195 times
  • The average score is 20 of 35

Answer Stats

SeasonPlayer% Correct
1999-00, 2009-10Kobe Bryant
99%
2019-20LeBron James
99%
1986-87, 1990-91Magic Johnson
98%
1986-87Kareem Abdul-Jabbar
97%
2019-20Anthony Davis
96%
1999-00Shaquille O'Neal
96%
1961-62, 1971-72Jerry West
91%
2009-10Pau Gasol
89%
1961-62Elgin Baylor
85%
1986-87, 1990-91James Worthy
84%
1971-72Wilt Chamberlain
83%
2009-10Derek Fisher
77%
1949-50George Mikan
77%
1986-87A.C. Green
72%
1999-00A.C. Green
72%
2019-20Danny Green
72%
2019-20Kentavious Caldwell-Pope
65%
2009-10Andrew Bynum
61%
2009-10Ron Artest
58%
2019-20JaVale McGee
54%
1986-87, 1990-91Byron Scott
52%
1971-72Gail Goodrich
51%
1990-91Vlade Divac
41%
1999-00Ron Harper
37%
1949-50Vern Mikkelsen
32%
1999-00Glen Rice
28%
1990-91Sam Perkins
16%
1961-62Rudy LaRusso
15%
1949-50Jim Pollard
14%
1949-50Slater Martin
14%
1971-72Happy Hairston
12%
1971-72Jim McMillian
6%
1949-50Bob Harrison
5%
1961-62Frank Selvy
4%
1961-62Jim Krebs
3%

Score Distribution

Percentile by Number Answered

Percent of People with Each Score

Your Score History

You have not taken this quiz